LEADER 00941nam a2200265 i 4500 001 000000037101 003 CaOOAMICUS 005 20120410000000.0 008 120410s1955 it u000 u ita u 013 $a7325 040 $aSeMil$bita 100 1 $aMarc, Paul .$0(OLS)http://semarc/name/17626 240 12$aL'Élite.$0(OLS)http://semarc/title/51759 245 12$aL'Élite /$cP. Marc. 250 $a3. Edizione. 260 $aMilano :$bEdizioni Paoline,$c1955. 300 $a213 p. ;$c19 cm. 490 0 $aVoci dall'alto ;$v23 650 4$aMeditazioni.$0(OLS)http://semarc/subject/1352 830 0$aVoci dall'alto ;$v23.$0(OLS)http://semarc/title/196 850 $aSeMil 852 $aSeMil$W1$xVenegono$y1$m2C V 273$j3256$B3256$CSeMilBibl$Z2$F3256 $81 961 $aOmaggio: Deposito 996 $6245$aL'Élite$9(OLS)http://semarc/title/51758 996 $6260$aMilano :$bEdizioni Paoline$9(OLS)http://semarc/publisher/32841 LEADER 01310nam a2200313 i 4500 001 000000115106 003 CaOOAMICUS 005 20050711000000.0 008 050711s1987 it u000 u ita u 013 $a87794 020 $a88-304-0728-3 040 $aSeMil$bita 100 1 $aJesurum, Stefano <1951->.$0(OLS)http://semarc/name/19007 245 10$aEssere ebrei in Italia /$cStefano Jesurum. 246 04$iTitolo in copertina:$aEssere ebrei in Italia : nella testimonianza di ventuno protagonisti 260 $aMilano :$bLonganesi & C.,$c1987. 300 $a156 p. ;$c21 cm. 490 0 $aIl cammeo ;$v146 500 $aFondo Card. C.M. Martini. 650 4$aEbrei italiani - Interviste.$0(OLS)http://semarc/subject/21038 830 3$aIl cammeo ;$v146.$0(OLS)http://semarc/title/7213 850 $aSeMil 852 $aSeMil$W1$xVenegono$y1$m2R II 9$j70643$B70643$CSeMilBibl$Z2$F98986 $81 941 1 $a4 961 $aOmaggio: Martini Card. Carlo Maria 996 $6020$a88-304-0728-3$9(OLS)http://semarc/number/98746 996 $6245$aEssere ebrei in Italia$9(OLS)http://semarc/title/168478 996 $6246$aEssere ebrei in Italia : nella testimonianza di ventuno protagonisti$9(OLS)http://semarc/title/168479 996 $6260$aMilano :$bLonganesi & C.$9(OLS)http://semarc/publisher/31590